| 000 | 01880nam0a2200337 4500 | ||
|---|---|---|---|
| 001 | RU\NLR\bibl\1841950 | ||
| 005 | 20250616172405.0 | ||
| 010 |
_a5-94973-004-7 _9250 |
||
| 021 |
_aRU _b2011-90613 _96486 |
||
| 035 | _a(NLR Aleph) 001832405 | ||
| 090 |
_a2157392 _c2157392 |
||
| 100 | _a20111201d2011 |||y0rusy50 ca | ||
| 101 | 0 | _arus | |
| 102 | _aRU | ||
| 105 | _aa ||||||||| | ||
| 200 | 1 |
_aАвтоматизированные комплексы полунатурного моделирования процессов функционирования автономных систем ближней радиолокации _fАндрюшин О.Ф., Антонов К.А., Борзов А.Б. [и др.] _gпод общ. ред. д.т.н., проф., чл.-кор. Рос. акад. ракет. и артиллерийск. наук О.Ф. Андрюшина _gРос. акад. ракет. и артиллерийск. наук |
|
| 210 |
_aМосква _cГениус Медиа _d2011 |
||
| 215 |
_a179 с. _cил. _d22 |
||
| 320 | _aБиблиогр.: с. 174-179 (69 назв.) | ||
| 606 | 1 |
_aРадиолокационные станции военного назначения _xСистемы ближней радиолокации _xМоделирование _92122791 _3RU\NLR\auth\661585364 |
|
| 686 | _aЦ571.432-101 | ||
| 701 | 1 |
_aАндрюшин _bО. Ф. _f1940- _gОлег Федорович _4070 |
|
| 701 | 1 |
_4070 _7ca _8rus _aАнтонов _bК. А. _cспециалист в области радиолокации _f1952- _gКонстантин Андреевич _9246588 _3RU\NLR\AUTH\770246644 |
|
| 701 | 1 |
_aБорзов _bА. Б. _f1958- _gАндрей Борисович _4070 |
|
| 801 | 0 |
_aRU _bNLR _c20111201 _gRCR |
|
| 801 | 1 |
_aRU _bNLR _c20111201 |
|
| 942 | _cBOOK | ||
| 980 | _aNB | ||
| 980 | _aNBR | ||